Extracto del homenaje a Menéndez y Pelayo en el año vigésimo de su profesorado (Record no. 160174)

MARC details
000 -LEADER
campo de control de longitud fija 00967nam a2200217 i 4500
001 - NÚMERO DE CONTROL
campo de control 160174
003 - IDENTIFICADOR DE NÚMERO DE CONTROL
campo de control ES-MaACL
005 - FECHA Y HORA DE LA ÚLTIMA TRANSACCIÓN
campo de control 20250406001000.0
008 - DATOS DE LONGITUD FIJA--INFORMACIÓN GENERAL
campo de control de longitud fija 040922s1899 sp |||| | spa d
100 1# - ENTRADA PRINCIPAL--NOMBRE DE PERSONA
Nombre de persona Morel-Fatio, Alfred.
9 (RLIN) 83243
245 10 - MENCIÓN DEL TÍTULO
Título Extracto del homenaje a Menéndez y Pelayo en el año vigésimo de su profesorado
Resto del título : estudios de erudición española.
260 ## - PUBLICACIÓN, DISTRIBUCIÓN, ETC.
Lugar de publicación, distribución, etc. Madrid :
Nombre del editor, distribuidor, etc. Librería General de Victoriano Suárez,
Fecha de publicación, distribución, etc. 1899.
300 ## - DESCRIPCIÓN FÍSICA
Extensión 39 p. ;
Dimensiones 24 cm.
505 8# - NOTA DE CONTENIDO CON FORMATO
Nota de contenido con formato Contiene: Cartas eruditas del Marqués de Mondéjar y de Etienne Baluze (1679-1690) / Alfredo Morel-Fatio
600 14 - PUNTO DE ACCESO ADICIONAL DE MATERIA--NOMBRE DE PERSONA
Nombre de persona Mondéjar, Gaspar Ibáñez de Segovia Peralta y Mendoza,
Títulos y otros términos asociados al nombre Marqués de,
Fechas asociadas al nombre 1628-1708
9 (RLIN) 82141
600 14 - PUNTO DE ACCESO ADICIONAL DE MATERIA--NOMBRE DE PERSONA
Nombre de persona Baluze, Étienne.
9 (RLIN) 154566
740 02 - ENTRADA AGREGADA--TÍTULO RELACIONADO/ANALÍTICO NO CONTROLADO
Título relacionado o analítico no controlado Cartas eruditas del Marqués de Mondéjar y de Etienne Baluze (1679-1690)
852 ## - LOCALIZACIÓN
Ubicación ES-MaACL
Número de control de estantería T-1346-F-10
Nota libre - Enc. hol.
-- - Enc. en un vol. facticio
942 ## - ELEMENTOS DE ENTRADA SECUNDARIOS (KOHA)
Fuente del sistema de clasificación o colocación Clasificación decimal universal
Holdings
Estatus retirado Estado de pérdida Fuente del sistema de clasificación o colocación Estado de daño No para préstamo Colección Biblioteca de origen Biblioteca actual Ubicación en estantería Fecha de adquisición Total de préstamos Signatura topográfica completa Código de barras Visto por última vez Precio de reemplazo Tipo de ítem Koha
    Clasificación decimal universal     Colección de folletos Biblioteca del Ateneo de Madrid Biblioteca del Ateneo de Madrid Depósito folletos 17/01/2008   T-1346-F-10 1167692 23/02/2023 23/02/2023 Folleto